All RAYE Songs (updated at any new release) - Statistics

General Stats
  • This quiz has been taken 171 times
    29 since last reset
  • The average score is 69 of 144
Answer Stats
Answer % Correct
Escapism.
100%
Escapism. (featuring 070 Shake)
100%
Escapism (Live at Metropolis)
100%
Click Clack Symphony. (featuring Hans Zimmer)
91%
Joy. (feat. Amma & Absolutely)
91%
Where Is My Husband!
91%
Beware.. The South London Lover Boy.
82%
Black Mascara.
82%
Fields. (feat. Grandad Michael)
82%
Fin.
82%
Goodbye Henry. (feat. Al Green)
82%
Happier Times Ahead.
82%
Ice Cream Man.
82%
I Hate The Way I Look Today.
82%
I Know You're Hurting.
82%
Intro: Girl Under The Grey Cloud.
82%
I Will Overcome.
82%
Life Boat.
82%
Nightingale Lane.
82%
Oscar Winning Tears.
82%
Oscar Winning Tears. (featuring Flames Collective)
82%
Skin & Bones
82%
The WhatsApp Shakespeare.
82%
Winter Woman.
82%
Worth It.
82%
Worth It. - Live at Montreux Jazz Festival
82%
Body Dysmorphia.
73%
Buss It Down.
73%
Environmental Anxiety.
73%
Genesis
73%
Genesis - Live at Montreux Jazz Festival
73%
Ice Cream Man. - Live at Montreux Jazz Festival
73%
Introduction.
73%
The Thrill Is Gone.
73%
You Don't Know Me (with Jax Jones)
73%
All Dressed Up
64%
BED (with Joel Corry, David Guetta)
64%
Five Star Hotels.
64%
Five Star Hotels. (featuring Mahalia)
64%
Flip A Switch
64%
Flip A Switch.
64%
Flip A Switch (featuring Coi Leary) - Remix
64%
Hard Out Here.
64%
Mary Jane.
64%
Mary Jane. - Live at Montreux Jazz Festival
64%
Natalie Don't
64%
Prada (with casso, D-Block Europe)
64%
Shhh
64%
Decline (featuring Mr Eazi)
55%
Fly Me To The Moon
55%
It's A Man's Man's Man's World - Live at Montreux Jazz Festival
55%
Secrets (with Regard)
55%
Suzanne (with Mark Ronson)
55%
Born Again (with LISA, Doja Cat)
45%
Genesis, pt i
45%
Genesis, pt ii
45%
Genesis, pt iii
45%
Grandma Calls The Boy Bad News (From F1® The Movie)
45%
Love Me Again
45%
Love Of Your Life
45%
The Thrill Is Gone (Live at Metropolis)
45%
The Thrill Is Gone. - Live at Montreux Jazz Festival
45%
Change Your Mind
36%
Confidence (featuring Maleek Berry, Nana Rogues)
36%
Feeling Good - (triple j like a version)
36%
Friends
36%
Moi (with Central Cee)
36%
Mother Nature (featuring Hans Zimmer)
36%
Please Don't Touch
36%
Regardless (featuring Rudimental)
36%
Tequila (with Jax Jones, Martin Solveig, Europa)
36%
Walk On By
36%
What A Difference A Day Makes (from the Netflix Limited Series "Black Rabbit")
36%
Alien (featuring Avelino)
27%
All Of My Love (featuring Young Adz)
27%
Ambition (featuring Stormzy)
27%
By Your Side (with Jonas Blue)
27%
Call On Me
27%
Check (featuring Kojo Funds)
27%
Cigarette (featuring Mabel, Stefflon Don)
27%
Crew (featuring Kojo Funds, RAY BLK)
27%
Dani's Interlude.
27%
Distraction
27%
Ferrari Horses (with D-Block Europe)
27%
I Don't Want You (with Riton)
27%
I, U, Us
27%
Kiss My Uh Oh (with Anne-Marie, Little Mix) (feat. Becky Hill, Stefflon Don)
27%
Mary Jane vs Graeme Blevins.
27%
Money Calling (with Da Beatfreakz, Russ Millions, wewantwraiths)
27%
Overture.
27%
Slower (featuring Avelino)
27%
Sober (Stripped)
27%
Tell Me
27%
The Line
27%
The Thrill Is Gone Requiem.
27%
The Weekend (with Stormzy)
27%
Tipsy (with Odunsi (The Engine))
27%
Wife Me (featuring Steel Banglez)
27%
Worth It Prelude.
27%
1by1 (with Maleek Berry)
18%
BAD FAITH
18%
Better Things (with aespa)
18%
BET U WISH
18%
Bet U Wish
18%
BIRDSONG (INTERLUDE)
18%
Breaking News (with Louis the Child)
18%
Ego (with Chris Loco)
18%
Flowers
18%
Glue (with Somewhere Else)
18%
Go Girl (with Miraa May)
18%
Honesty (Interlude) (with Col3trane)
18%
HOTBOX
18%
JUST LIKE THAT
18%
Low Season (with RITUAL & Hasta Remix)
18%
Make It To Heaven (with David Guetta, MORTEN)
18%
NEED ME
18%
Odo (with King Promise)
18%
O Holy Night
18%
Paralyzed (with Lucky Daye)
18%
Perfect Day (with Al Green)
18%
Stay (Don't Go Away) (with David Guetta)
18%
Summer Love (with Cassper Nyovest)
18%
Thank You (with PVRIS)
18%
The Fruits (with Col3trane, DJDS)
18%
Tied Up (with Major Lazer, Mr Eazi, Jake Gosling)
18%
W2TW
18%
Waterfall (with Disclosure)
18%
WYS (with Tion Wayne)
18%
Escapism. (4am Remix)
9%
Flip A Switch. (Sped Up)
9%
Shine
9%
Suzanne (At The Church) (with Mark Ronson)
9%
You Can't Change Me (with David Guetta, MORTEN)
9%
No matching quizzes found
Score Distribution
Percent of People with Each Score
Percentile by Number Answered
Your Score History
You have not taken this quiz since the last reset